淀川を渡る鉄道路線 - Statistics

General Stats
  • This quiz has been taken 175 times
  • The average score is 6 of 11
Answer Stats
Answer % Correct
東海道本線
90%
東海道本線
88%
本線
76%
高速電気軌道第1号線
66%
阪神なんば線
60%
梅田貨物線
52%
おおさか東線
51%
宝塚本線
44%
神戸本線
42%
千里線
37%
大阪モノレール本線
35%
No matching quizzes found
Score Distribution
Percent of People with Each Score
Percentile by Number Answered
Your Score History
You have not taken this quiz